[Event "Chennai op 9th"]
[Site "Chennai"]
[Date "2017.01.24"]
[Round "9"]
[White "Vignesh, N."]
[Black "Sarvesh Kumar, A."]
[Result "1/2-1/2"]
[WhiteElo "1442"]
[BlackElo "1817"]
[PlyCount "40"]
[EventDate "2017.01.18"]
[EventType "swiss"]
[EventRounds "10"]
[EventCountry "IND"]
[SourceTitle "CBM 176 Extra"]
[Source "ChessBase"]
[SourceDate "2017.03.02"]
[SourceVersion "1"]
[SourceVersionDate "2017.03.02"]
[SourceQuality "1"]

1. e4 e5 2. Bc4 Nf6 3. d4 exd4 4. Nf3 Nc6 5. 0-0 Bc5 6. e5 d5 7. exf6 dxc4 8. Re1+ Be6 9. Ng5 g6 10. Rxe6+ fxe6 11. Nxe6 Qd6 12. Qg4 Nd8 13. Nxc5 Qxc5 14. Bh6 Qb5 15. Qe4+ Kd7 16. Qxd4+ Kc8 17. Nc3 Qh5 18. Rd1 Nc6 19. Qd7+ Kb8 20. Nd5 Rc8 1/2-1/2